<?xml version="1.0" encoding="UTF-8"?>
<collection xmlns="http://www.loc.gov/MARC21/slim">
 <record>
  <leader>00751pamaa2200217   4500</leader>
  <controlfield tag="001">0000049504</controlfield>
  <controlfield tag="005">20130314090000.0</controlfield>
  <controlfield tag="008">110822                             eng  </controlfield>
  <datafield tag="020" ind1="0" ind2="0">
   <subfield code="a">981049436X </subfield>
  </datafield>
  <datafield tag="090" ind1="0" ind2="0">
   <subfield code="a">KPP85.4 </subfield>
   <subfield code="b">CHO 2004</subfield>
  </datafield>
  <datafield tag="100" ind1="1" ind2="1">
   <subfield code="a">Chow Kok Fong </subfield>
  </datafield>
  <datafield tag="245" ind1="1" ind2="0">
   <subfield code="a">Law and practice of construction contracts  </subfield>
   <subfield code="c">Chow Kok Fong; </subfield>
   <subfield code="f">with a foreword by Chao Hick Tin.</subfield>
  </datafield>
  <datafield tag="250" ind1="0" ind2="0">
   <subfield code="a">3rd ed.</subfield>
  </datafield>
  <datafield tag="260" ind1="0" ind2="0">
   <subfield code="a">Singapore: </subfield>
   <subfield code="b">Sweet &amp; Maxwell Asia, </subfield>
   <subfield code="c">2004.</subfield>
  </datafield>
  <datafield tag="300" ind1=" " ind2=" ">
   <subfield code="a">lxiv, 1152 p.: </subfield>
   <subfield code="b">ill.; </subfield>
   <subfield code="c">25 cm.</subfield>
  </datafield>
  <datafield tag="500" ind1="0" ind2="0">
   <subfield code="a">&quot;Table of cases&quot;: p. xxvi-li</subfield>
  </datafield>
  <datafield tag="500" ind1="0" ind2="0">
   <subfield code="a">&quot;Table of legislation&quot;: p. lii-lvi</subfield>
  </datafield>
  <datafield tag="501" ind1="0" ind2="0">
   <subfield code="a">DLLUK</subfield>
  </datafield>
  <datafield tag="504" ind1="0" ind2="0">
   <subfield code="a">Includes bibliographical references and index</subfield>
  </datafield>
  <datafield tag="650" ind1="0" ind2="0">
   <subfield code="a">Construction contracts -- </subfield>
   <subfield code="z">Singapore </subfield>
  </datafield>
  <datafield tag="901" ind1=" " ind2=" ">
   <subfield code="u">http://www.sweetandmaxwell.com</subfield>
  </datafield>
 </record>
</collection>
